WWE Royal Rumble 2012 Entrants - Statistics

General Stats
  • This quiz has been taken 25 times
  • The average score is 20 of 30
Answer Stats
Draw Entrant % Correct
30 Big Show
93%
4 Cody Rhodes
93%
18 Dolph Ziggler
86%
28 Randy Orton
86%
22 Sheamus
86%
1 The Miz
86%
2 Alex Riley
79%
5 Justin Gabriel
79%
29 Chris Jericho
71%
11 Kofi Kingston
71%
3 R-Truth
71%
9 Santino Marella
71%
15 The Great Khali
71%
19 Jim Duggan
64%
14 Jinder Mahal
64%
21 Kharma
64%
7 Mick Foley
64%
26 Wade Barrett
64%
17 Booker T
57%
27 David Otunga
57%
13 Ezekiel Jackson
57%
25 Jack Swagger
57%
24 Jey Uso
57%
20 Michael Cole
57%
23 Road Dogg
57%
10 Epico
50%
12 Jerry Lawler
50%
6 Primo
50%
16 Hunico
43%
8 Ricardo Rodriguez
43%
No matching quizzes found
Score Distribution
Percent of People with Each Score
Percentile by Number Answered
Your Score History
You have not taken this quiz